000 00451nam a2200205Ia 4500
001 109809
003 YMCAF
005 20230512162402.0
008 100717s2002 ||||||||||||||||| ||und|d
024 _a109809
035 _aWB796
040 _aYMCAF
_beng
_cIN-KoLT
041 _aeng
082 _a005.133VC++
_bMUE
100 _aMueller, John
245 0 _aVisual C++ .NET developers
260 _bTMH
_c2002
300 _a744
942 _2ddc
_cBK
999 _c11628
_d11628